Structural Phase State and Mechanical Properties of the Si-Al-N Coatings with Different Concentration Ratio of Al and Si; Advanced Materials Research; Vol. 1085 : Prospects of Fundamental Sciences Development (PFSD-2014)

Opis bibliograficzny
Parent link:Advanced Materials Research: Scientific Journal
Vol. 1085 : Prospects of Fundamental Sciences Development (PFSD-2014).— 2015.— [P. 289-293]
Korporacja: Национальный исследовательский Томский политехнический университет
Kolejni autorzy: Sergeev V. P. Viktor Petrovich, Fedorischeva M. V., Kalashnikov M. P. Mark Petrovich, Bozhko I. A. Irina Aleksandrovna, Voronov A. V., Ribalko E. V., Mironov Y. P.
Streszczenie:Title screen
The amorphous and nanocomposite coatings on the basis of Si-Al-N with different ratios of Al and Si concentrations were prepared by reactive magnetron sputtering method. Structural-phase state of coatings on the basis of Si-Al-N was investigated by TEM, SEM and X-ray analysis. Microhardness, modulus of elasticity, elastic recovery coefficient was determined by nanoindentation method.
Режим доступа: по договору с организацией-держателем ресурса
Język:angielski
Wydane: 2015
Seria:Structure Materials, Mechanics and Dynamics of Materials
Hasła przedmiotowe:
Dostęp online:http://dx.doi.org/10.4028/www.scientific.net/AMR.1085.289
Format: MixedMaterials Elektroniczne Rozdział
KOHA link:https://koha.lib.tpu.ru/cgi-bin/koha/opac-detail.pl?biblionumber=641222

MARC

LEADER 00000nla2a2200000 4500
001 641222
005 20260422105954.0
035 |a (RuTPU)RU\TPU\network\6108 
035 |a RU\TPU\network\6107 
090 |a 641222 
100 |a 20150513a2015 k y0engy50 ba 
101 0 |a eng 
102 |a US 
105 |a y z 100zy 
135 |a drcn ---uucaa 
181 0 |a i  
182 0 |a b 
200 1 |a Structural Phase State and Mechanical Properties of the Si-Al-N Coatings with Different Concentration Ratio of Al and Si  |f V. P. Sergeev [et al.] 
203 |a Text  |c electronic 
225 1 |a Structure Materials, Mechanics and Dynamics of Materials 
300 |a Title screen 
330 |a The amorphous and nanocomposite coatings on the basis of Si-Al-N with different ratios of Al and Si concentrations were prepared by reactive magnetron sputtering method. Structural-phase state of coatings on the basis of Si-Al-N was investigated by TEM, SEM and X-ray analysis. Microhardness, modulus of elasticity, elastic recovery coefficient was determined by nanoindentation method. 
333 |a Режим доступа: по договору с организацией-держателем ресурса 
461 0 |0 (RuTPU)RU\TPU\network\4598  |t Advanced Materials Research  |o Scientific Journal 
463 0 |0 (RuTPU)RU\TPU\network\4656  |t Vol. 1085 : Prospects of Fundamental Sciences Development (PFSD-2014)  |o The XIth International Conference, April 22-25, 2014, Tomsk, Russia  |o [proceedings]  |v [P. 289-293]  |d 2015 
610 1 |a электронный ресурс 
610 1 |a труды учёных ТПУ 
610 1 |a теплозащитные покрытия 
610 1 |a керамические покрытия 
610 1 |a магнетронное осаждение 
610 1 |a микроструктуры 
610 1 |a нанокомпозитные покрытия 
701 1 |a Sergeev  |b V. P.  |c specialist in the field of materials science  |c Professor of Tomsk Polytechnic University, doctor of technical Sciences  |f 1949-  |g Viktor Petrovich  |3 (RuTPU)RU\TPU\pers\32730  |9 16615 
701 1 |a Fedorischeva  |b M. V. 
701 1 |a Kalashnikov  |b M. P.  |c physicist  |c Engineer of Tomsk Polytechnic University  |g Mark Petrovich  |3 (RuTPU)RU\TPU\pers\33561  |9 17228 
701 1 |a Bozhko  |b I. A.  |c physicist  |c Associate Professor of Tomsk Polytechnic University, Candidate of physical and mathematical sciences  |f 1980-  |g Irina Aleksandrovna  |3 (RuTPU)RU\TPU\pers\34206  |9 17740 
701 1 |a Voronov  |b A. V. 
701 1 |a Ribalko  |b E. V. 
701 1 |a Mironov  |b Y. P. 
712 0 2 |a Национальный исследовательский Томский политехнический университет  |c (2009- )  |9 26305 
801 2 |a RU  |b 63413507  |c 20161229  |g RCR 
856 4 |u http://dx.doi.org/10.4028/www.scientific.net/AMR.1085.289 
942 |c CF